书目信息 |
| 题名: |
小康家庭财长方略
|
|
| 作者: | 俞时 , 范戈 编著 | |
| 分册: | ||
| 出版信息: | 北京 中国华侨出版社 2003 |
|
| 页数: | 370页 | |
| 开本: | 21cm | |
| 丛书名: | ||
| 单 册: | ||
| 中图分类: | TS976.15 | |
| 科图分类: | ||
| 主题词: | 家庭管理:财务管理 | |
| 电子资源: | ||
| ISBN: | 7-80120-700-9 | |
| 000 | 01168nam0 2200337 450 | |
| 000 | 01131nam0 2200325 450 | |
| 000 | 01100nam0 2200325 450 | |
| 000 | 01046nam0 2200301 450 | |
| 000 | 01064nam0 2200289 450 | |
| 000 | 01027nam0 2200277 45 | |
| 001 | TS2006019555 | |
| 005 | 20061228095058.62 | |
| 010 | @a7-80120-700-9@dCNY20.00 | |
| 100 | @a20060829d2003 ekmy0chiy0120 ea | |
| 101 | 0 | @achi |
| 102 | @aCN@b110000 | |
| 105 | @ay z 000yy | |
| 200 | 1 | @a小康家庭财长方略@AXiao Kang Jia Ting Cai Chang Fang Lue@f范戈, 俞时编著@FFan Ge , Yu Shi Bian Zhu |
| 210 | @a北京@c中国华侨出版社@d2003 | |
| 215 | @a370页@d21cm | |
| 312 | @a封面英文题名:The managing money matters for a comfortably well-off family | |
| 330 | @a本书内容包括:挑战自己,比拼家庭财大理想;挑战成功,领悟金融理财大智慧等。 | |
| 333 | @a读者对象:一般读者。 | |
| 606 | 0 | @a家庭管理:财务管理 |
| 690 | @aTS976.15@v4 | |
| 701 | 0 | @a俞时@AYu Shi@4编著 |
| 701 | 0 | @a范戈@AFan Ge@4编著 |
| 801 | 0 | @aCN@b中图数据@c20061228 |
| 905 | @a10447@dTS976.15@e200 | |
| 小康家庭财长方略/范戈, 俞时编著.-北京:中国华侨出版社,2003 |
| 370页;21cm |
| 使用对象:读者对象:一般读者。 |
| ISBN 7-80120-700-9:CNY20.00 |
| 本书内容包括:挑战自己,比拼家庭财大理想;挑战成功,领悟金融理财大智慧等。 |
| ● |
| 相关链接 |
|
|
|
|
正题名:小康家庭财长方略
索取号:TS976.15/200
 
预约/预借
| 序号 | 登录号 | 条形码 | 馆藏地/架位号 | 状态 | 备注 |
| 1 | 0602680 | 206026806 | 第二样本阅览室/ [索取号:TS976.15/200] | 在馆 | |
| 2 | 0602681 | 206026815 | 第三借阅区/ [索取号:TS976.15/200] | 在馆 | |
| 3 | 0602682 | 206026824 | 第三借阅区/ [索取号:TS976.15/200] | 在馆 | |
| 4 | 0602683 | 206026833 | 第三借阅区/ [索取号:TS976.15/200] | 在馆 | |
| 5 | 0602684 | 206026842 | 第三借阅区/ [索取号:TS976.15/200] | 在馆 |